Math Quiz #8 - Mixed Operations Lvl 1 - Statistics

General Stats
  • This quiz has been taken 11 times
  • The average score is 19 of 20
Answer Stats
Problem Answer % Correct
1*1= 1
100%
1/1= 1
100%
4/4= 1
100%
7/7= 1
100%
8/8= 1
100%
11/11= 1
100%
1*10= 10
100%
10*1= 10
100%
20/2= 10
100%
80/8= 10
100%
100/10= 10
100%
120/12= 10
100%
6+98= 104
100%
70+34= 104
100%
88+20= 108
100%
9*12= 108
100%
12*9= 108
100%
29+80= 109
100%
59+50= 109
100%
11/1= 11
100%
44/4= 11
100%
55/5= 11
100%
77/7= 11
100%
99/9= 11
100%
30+81= 111
100%
48+65= 113
100%
65+51= 116
100%
62+56= 118
100%
3*4= 12
100%
60/5= 12
100%
132/11= 12
100%
41+80= 121
100%
6+7= 13
100%
62+68= 130
100%
12*11= 132
100%
90+43= 133
100%
2*7= 14
100%
3*5= 15
100%
87+67= 154
100%
33-16= 17
100%
6*3= 18
100%
9*2= 18
100%
94+94= 188
100%
37-18= 19
100%
2*1= 2
100%
4/2= 2
100%
10/5= 2
100%
24/12= 2
100%
5*4= 20
100%
3*7= 21
100%
11*2= 22
100%
45-22= 23
100%
47-23= 24
100%
6*4= 24
100%
12*2= 24
100%
21+5= 26
100%
51-25= 26
100%
54-27= 27
100%
24/8= 3
100%
36/12= 3
100%
6*5= 30
100%
5*7= 35
100%
7*5= 35
100%
12*3= 36
100%
78-39= 39
100%
1*4= 4
100%
4*1= 4
100%
8/2= 4
100%
12/3= 4
100%
20/5= 4
100%
28/7= 4
100%
36/9= 4
100%
48/12= 4
100%
79-39= 40
100%
80-40= 40
100%
8*5= 40
100%
41+3= 44
100%
4*11= 44
100%
5*9= 45
100%
91-45= 46
100%
4*12= 48
100%
6*8= 48
100%
7*7= 49
100%
15/3= 5
100%
20/4= 5
100%
25/5= 5
100%
60/12= 5
100%
5*10= 50
100%
16+37= 53
100%
105-52= 53
100%
2+52= 54
100%
5*11= 55
100%
11*5= 55
100%
2*3= 6
100%
3*2= 6
100%
6*1= 6
100%
6/1= 6
100%
36/6= 6
100%
14+46= 60
100%
120-60= 60
100%
5*12= 60
100%
123-61= 62
100%
7*9= 63
100%
8*8= 64
100%
24+41= 65
100%
132-66= 66
100%
131-65= 66
100%
136-68= 68
100%
135-67= 68
100%
14/2= 7
100%
21/3= 7
100%
28/4= 7
100%
77/11= 7
100%
139-69= 70
100%
7*10= 70
100%
142-71= 71
100%
142-71= 71
100%
8*9= 72
100%
150-75= 75
100%
7*11= 77
100%
56/7= 8
100%
88/11= 8
100%
162-81= 81
100%
167-83= 84
100%
27+61= 88
100%
7+81= 88
100%
8*11= 88
100%
11*8= 88
100%
79+10= 89
100%
1*9= 9
100%
3*3= 9
100%
9*1= 9
100%
81/9= 9
100%
183-91= 92
100%
185-92= 93
100%
41+53= 94
100%
10+85= 95
100%
192-96= 96
100%
12*8= 96
100%
34+64= 98
100%
8*10= 80
50%
108/12= 9
50%
180-90= 90
50%
2/2= 1
0%
3/3= 1
0%
5/5= 1
0%
6/6= 1
0%
9/9= 1
0%
10/10= 1
0%
12/12= 1
0%
2*5= 10
0%
5*2= 10
0%
10/1= 10
0%
30/3= 10
0%
40/4= 10
0%
50/5= 10
0%
60/6= 10
0%
70/7= 10
0%
90/9= 10
0%
110/11= 10
0%
54+46= 100
0%
10*10= 100
0%
53+48= 101
0%
70+32= 102
0%
54+49= 103
0%
43+62= 105
0%
84+23= 107
0%
83+26= 109
0%
35+74= 109
0%
1*11= 11
0%
11*1= 11
0%
22/2= 11
0%
33/3= 11
0%
66/6= 11
0%
88/8= 11
0%
110/10= 11
0%
121/11= 11
0%
132/12= 11
0%
73+37= 110
0%
29+81= 110
0%
54+56= 110
0%
10*11= 110
0%
11*10= 110
0%
15+97= 112
0%
70+44= 114
0%
73+41= 114
0%
71+45= 116
0%
47+72= 119
0%
82+37= 119
0%
1*12= 12
0%
2*6= 12
0%
4*3= 12
0%
6*2= 12
0%
12*1= 12
0%
12/1= 12
0%
24/2= 12
0%
36/3= 12
0%
48/4= 12
0%
72/6= 12
0%
84/7= 12
0%
96/8= 12
0%
108/9= 12
0%
120/10= 12
0%
144/12= 12
0%
70+50= 120
0%
10*12= 120
0%
12*10= 120
0%
73+48= 121
0%
11*11= 121
0%
67+55= 122
0%
40+84= 124
0%
81+43= 124
0%
53+74= 127
0%
55+73= 128
0%
85+45= 130
0%
11*12= 132
0%
80+54= 134
0%
7*2= 14
0%
87+56= 143
0%
47+97= 144
0%
12*12= 144
0%
86+59= 145
0%
5*3= 15
0%
92+58= 150
0%
60+91= 151
0%
78+74= 152
0%
58+97= 155
0%
32-16= 16
0%
31-15= 16
0%
2*8= 16
0%
4*4= 16
0%
8*2= 16
0%
87+82= 169
0%
36-18= 18
0%
2*9= 18
0%
3*6= 18
0%
6+13= 19
0%
38-19= 19
0%
1*2= 2
0%
2/1 2
0%
6/3= 2
0%
8/4= 2
0%
12/6= 2
0%
14/7= 2
0%
16/8= 2
0%
18/9= 2
0%
20/10= 2
0%
22/11= 2
0%
39-19= 20
0%
40-20= 20
0%
2*10= 20
0%
4*5= 20
0%
10*2= 20
0%
42-21= 21
0%
7*3= 21
0%
43-21= 22
0%
44-22= 22
0%
44-22= 22
0%
2*11= 22
0%
46-23= 23
0%
48-24= 24
0%
2*12= 24
0%
3*8= 24
0%
4*6= 24
0%
8*3= 24
0%
50-25= 25
0%
5*5= 25
0%
53-26= 27
0%
3*9= 27
0%
9*3= 27
0%
55-27= 28
0%
56-28= 28
0%
4*7= 28
0%
7*4= 28
0%
21+8= 29
0%
28+1= 29
0%
1*3= 3
0%
3*1= 3
0%
3/1= 3
0%
6/2= 3
0%
9/3= 3
0%
12/4= 3
0%
15/5= 3
0%
18/6= 3
0%
21/7= 3
0%
27/9= 3
0%
30/10= 3
0%
33/11= 3
0%
28+2= 30
0%
3*10= 30
0%
5*6= 30
0%
10*3= 30
0%
64-32= 32
0%
63-31= 32
0%
4*8= 32
0%
8*4= 32
0%
65-32= 33
0%
66-33= 33
0%
3*11= 33
0%
11*3= 33
0%
11+24= 35
0%
3*12= 36
0%
4*9= 36
0%
6*6= 36
0%
9*4= 36
0%
76-38= 38
0%
77-38= 39
0%
78-39= 39
0%
2*2= 4
0%
4/1= 4
0%
16/4= 4
0%
24/6= 4
0%
32/8= 4
0%
40/10= 4
0%
44/11= 4
0%
4*10= 40
0%
5*8= 40
0%
10*4= 40
0%
7+34= 41
0%
82-41= 41
0%
81-40= 41
0%
35+7= 42
0%
18+24= 42
0%
84-42= 42
0%
6*7= 42
0%
7*6= 42
0%
26+17= 43
0%
85-42= 43
0%
87-43= 44
0%
88-44= 44
0%
11*4= 44
0%
90-45= 45
0%
9*5= 45
0%
93-46= 47
0%
94-47= 47
0%
96-48= 48
0%
95-47= 48
0%
96-48= 48
0%
8*6= 48
0%
12*4= 48
0%
97-48= 49
0%
1*5= 5
0%
5*1= 5
0%
5/1= 5
0%
10/2= 5
0%
30/6= 5
0%
35/7= 5
0%
40/8= 5
0%
45/9= 5
0%
50/10= 5
0%
55/11= 5
0%
33+17= 50
0%
10*5= 50
0%
39+12= 51
0%
12+40= 52
0%
26+28= 54
0%
107-53= 54
0%
6*9= 54
0%
9*6= 54
0%
109-54= 55
0%
111-55= 56
0%
7*8= 56
0%
8*7= 56
0%
114-57= 57
0%
113-56= 57
0%
19+39= 58
0%
53+5= 58
0%
116-58= 58
0%
118-59= 59
0%
1*6= 6
0%
12/2= 6
0%
18/3= 6
0%
24/4= 6
0%
30/5= 6
0%
42/7= 6
0%
48/8= 6
0%
54/9= 6
0%
60/10= 6
0%
66/11= 6
0%
72/12= 6
0%
21+39= 60
0%
119-59= 60
0%
6*10= 60
0%
10*6= 60
0%
12*5= 60
0%
121-60= 61
0%
29+33= 62
0%
124-62= 62
0%
125-62= 63
0%
9*7= 63
0%
28+36= 64
0%
128-64= 64
0%
129-64= 65
0%
130-65= 65
0%
10+56= 66
0%
6*11= 66
0%
11*6= 66
0%
21+46= 67
0%
133-66= 67
0%
20+48= 68
0%
135-67= 68
0%
12+57= 69
0%
138-69= 69
0%
138-69= 69
0%
1*7= 7
0%
7*1= 7
0%
7/1= 7
0%
35/5= 7
0%
42/6= 7
0%
49/7= 7
0%
56/8= 7
0%
63/9= 7
0%
70/10= 7
0%
84/12= 7
0%
139-69= 70
0%
10*7= 70
0%
141-70= 71
0%
6*12= 72
0%
9*8= 72
0%
12*6= 72
0%
11+62= 73
0%
51+22= 73
0%
145-72= 73
0%
146-73= 73
0%
147-73= 74
0%
63+12= 75
0%
149-74= 75
0%
149-74= 75
0%
151-75= 76
0%
11*7= 77
0%
56+22= 78
0%
156-78= 78
0%
155-77= 78
0%
158-79= 79
0%
1*8= 8
0%
2*4= 8
0%
4*2= 8
0%
8*1= 8
0%
8/1= 8
0%
16/2= 8
0%
24/3= 8
0%
32/4= 8
0%
40/5= 8
0%
48/6= 8
0%
64/8= 8
0%
72/9= 8
0%
80/10= 8
0%
96/12= 8
0%
160-80= 80
0%
10*8= 80
0%
11+70= 81
0%
29+52= 81
0%
18+63= 81
0%
9*9= 81
0%
55+27= 82
0%
164-82= 82
0%
7*12= 84
0%
12*7= 84
0%
170-85= 85
0%
169-84= 85
0%
171-85= 86
0%
14+73= 87
0%
84+3= 87
0%
173-86= 87
0%
176-88= 88
0%
175-87= 88
0%
178-89= 89
0%
177-88= 89
0%
9/1= 9
0%
18/2= 9
0%
27/3= 9
0%
36/4= 9
0%
45/5= 9
0%
54/6= 9
0%
63/7= 9
0%
72/8= 9
0%
90/10= 9
0%
99/11= 9
0%
66+24= 90
0%
19+71= 90
0%
50+40= 90
0%
9*10= 90
0%
10*9= 90
0%
59+32= 91
0%
182-91= 91
0%
37+55= 92
0%
85+8= 93
0%
15+79= 94
0%
73+23= 96
0%
191-95= 96
0%
8*12= 96
0%
37+60= 97
0%
59+38= 97
0%
194-97= 97
0%
193-96= 97
0%
48+50= 98
0%
34+65= 99
0%
42+57= 99
0%
78+21= 99
0%
9*11= 99
0%
11*9= 99
0%
No matching quizzes found
Score Distribution
Percent of People with Each Score
Percentile by Number Answered
Your Score History
You have not taken this quiz